000 00432pab a2200169 454500
008 180718b2002 xxu||||| |||| 00| 0 eng d
100 _aNehru, Arun
245 _aPolitics and the art of the blame game
260 _c2002
300 _ap.6.
362 _a22 Apr
650 _aPolitical parities - India
650 _aIndia - Politics and government
650 _aPolitics and government
773 _aPioneer
909 _a53471
999 _c53471
_d53471